Central Library OPAC University of Rajshahi

Gale on easements. (Record no. 4422)

MARC details
000 -LEADER
fixed length control field 00846cam a22002772 4500
001 - CONTROL NUMBER
control field 4422
003 - CONTROL NUMBER IDENTIFIER
rucl marc code BD-RjUL
005 - DATE AND TIME OF LATEST TRANSACTION
control field 20211208233905.0
008 - FIXED-LENGTH DATA ELEMENTS--GENERAL INFORMATION
fixed length control field 131222r19521959enk 001 0 eng
035 ## - SYSTEM CONTROL NUMBER
System control number (BD-RjUL)4457
040 ## - CATALOGING SOURCE
Original cataloging agency DLC
Transcribing agency CarP
Modifying agency DLC
-- BD-RjUL
Language of cataloging eng
041 ## - LANGUAGE CODE
Language code of text/sound track or separate title eng
082 ## - DEWEY DECIMAL CLASSIFICATION NUMBER
Edition number 20
Classification number 344.206435
Author mark and year BOG 1962
100 1# - MAIN ENTRY--PERSONAL NAME
Personal name Gale, Charles James,
Dates associated with a name 1805-1876. [from old catalog]
9 (RLIN) 13988
245 00 - TITLE STATEMENT
Title Gale on easements.
Statement of responsibility, etc. by Charles James Gale.
250 ## - EDITION STATEMENT
Edition statement 13th ed.
260 ## - PUBLICATION, DISTRIBUTION, ETC. (IMPRINT)
Place of publication, distribution, etc. London :
Name of publisher, distributor, etc. Sweet and Maxwell,
Date of publication, distribution, etc. 1959 [Reprint 1962].
300 ## - PHYSICAL DESCRIPTION
Pagination li, 426 p. ;
Size 26 cm.
504 ## - BIBLIOGRAPHY, ETC. NOTE
Bibliography, etc Includes Index.
650 #0 - SUBJECT ADDED ENTRY--TOPICAL TERM
Topical term or geographic name as entry element Servitudes
Geographic subdivision Great Britain.
9 (RLIN) 13989
700 1# - ADDED ENTRY--PERSONAL NAME
Personal name Bowles, Michael.
942 ## - ADDED ENTRY ELEMENTS (KOHA)
Source of classification or shelving scheme Dewey Decimal Classification
Koha item type Books
Holdings
Lost status Source of classification or shelving scheme Damaged status Not for loan Collection code Permanent Location Current Location Shelving location Date acquired Source of acquisition Cost, normal purchase price Total Checkouts Full call number Date last seen Copy number Koha item type
  Dewey Decimal Classification   Not For Loan Non-fiction Central Library, University of Rajshahi Central Library, University of Rajshahi Reading Room 11/08/1971 Zeitlinger 110.00   344.206435 BOG 1962 22/12/2013 C-1 Books